[Event "Wch U16"]
[Site "Oropesa del Mar"]
[Date "1999.11.01"]
[Round "8"]
[White "Miton, Kamil"]
[Black "Grigoriants, Sergey"]
[Result "1/2-1/2"]
[WhiteElo "2401"]
[BlackElo "2413"]

1.Nf3 d5 2.c4 e6 3.d4 Nf6 4.g3 Be7 5.Bg2 O-O 6.O-O Nc6 7.Nc3 dxc4 8.e3 Na5
9.e4 a6 10.Qc2 b5 11.Ng5 g6 12.h4 Bb7 13.e5 Nd5 14.Nce4 Nc6 15.Qd2 Qd7 16.h5 h6
17.Nh7 Kxh7 18.Qxh6+ Kg8 19.hxg6 fxg6 20.Qxg6+ Kh8 21.Qh6+ Kg8 22.Qg6+ Kh8  1/2-1/2

[Event "SLO-chT"]
[Site "Bled"]
[Date "1999.11.10"]
[Round "3"]
[White "Sebenik, Matej"]
[Black "Stavanja, Milan"]
[Result "1/2-1/2"]
[WhiteElo "2194"]
[BlackElo "2260"]

1.d4 Nf6 2.Nf3 e6 3.g3 d5 4.c4 Be7 5.Bg2 O-O 6.O-O Nbd7 7.b3 Ne4 8.Bb2 b6
9.Nfd2 Ndf6 10.Nxe4 Nxe4 11.Qc2 Bb7 12.f3 Nf6 13.e4 c5 14.e5 Nd7 15.Nd2 Qc7
16.cxd5 Bxd5 17.f4 Bxg2 18.Kxg2 Rac8 19.Rac1 Qb7+ 20.Qe4 Qxe4+ 21.Nxe4 cxd4
22.Bxd4 Ba3 23.Rc3 Rfd8 24.Rf2 Rxc3 25.Bxc3 Nc5 26.Nxc5 Bxc5 27.Rd2 Rxd2+
28.Bxd2 Kf8 29.Kf3 Ke8 30.Ke4 Kd7 31.b4 Bg1 32.h3 b5 33.Be3 Bxe3 34.Kxe3 Kc6
35.Kd4 Kb6 36.g4 g6 37.h4 h6 38.Ke4  1/2-1/2

[Event "71st ch-GER"]
[Site "Altenkirchen GER"]
[Date "1999.11.19"]
[Round "8"]
[White "Marchio,E"]
[Black "Hamm,S"]
[Result "1-0"]
[WhiteElo "2289"]
[BlackElo "2243"]

1.Nf3 Nf6 2.c4 e6 3.g3 d5 4.Bg2 Be7 5.d4 O-O 6.Nbd2 b6 7.cxd5 exd5 8.O-O Bb7
9.b3 Ne4 10.Bb2 Nd7 11.Rc1 Rc8 12.Rc2 f5 13.Qc1 Bd6 14.Ne5 c5 15.Nxd7 Qxd7
16.dxc5 bxc5 17.Nxe4 fxe4 18.Ba3 Qe7 19.e3 Rc7 20.Qd2 h5 21.Rfc1 g5 22.Qa5 Rfc8
23.Bb2 Kh7 24.Bf1 a6 25.Qd2 Qf8 26.Qd1 Qf7 27.Be2 Kh6 28.Qf1 Rc6 29.Qh3 Rf8
30.Qf1 Rfc8 31.Rd2 Bf8 32.Qh3 R8c7 33.Rcd1 Bc8 34.Qf1 Rd7 35.Rc1 g4 36.Qd1 Qe6
37.Ba3 Qf5 38.Rdc2 Rdc7 39.Qd2 Kg5 40.Qa5 h4 41.Bxc5 Bb7 42.Bd1 Qc8 43.Bxf8 Rxc2
44.Rxc2 Rxc2 45.Bxc2 Qxf8 46.Bxe4 Qc8 47.gxh4+ Kxh4 48.Bxd5 Kh3 49.Bg2+ Kh4
50.Qb6 Qc1+ 51.Bf1 Bc6 52.Qxa6 Kg5 53.Qc4  1-0

[Event "Kuban 99"]
[Site "Krasnodar RUS"]
[Date "1999.11.19"]
[Round "7"]
[White "Fomichenko,E"]
[Black "Moiseenko,A"]
[Result "0-1"]
[WhiteElo "2409"]
[BlackElo "2501"]

1.d4 Nf6 2.Nf3 e6 3.g3 d5 4.Bg2 Be7 5.c4 O-O 6.O-O dxc4 7.Qc2 a6 8.Qxc4 b5
9.Qc2 Bb7 10.Bd2 Nbd7 11.Ba5 Rc8 12.Nbd2 Qe8 13.b4 Bd6 14.Rfe1 Qe7 15.a3 Rfe8
16.Rac1 Ba8 17.Qb1 e5 18.Nxe5 Nxe5 19.dxe5 Bxe5 20.Bxa8 Rxa8 21.Nf3 Rac8
22.Rc6 Bd6 23.Rxa6 Qd7 24.Qd3 Ne4 25.Nd4 Qh3 26.Nxb5 Nxf2 27.Qf3 Ng4 28.Qg2 Qh6
29.Kh1 Qd2 30.Rf1 Rxe2 31.Qf3 Rxh2+ 32.Kg1 Rh1+ 33.Qxh1 Qe3+  0-1

[Event "National Chess Congress"]
[Site "Philadelphia USA"]
[Date "1999.11.27"]
[Round "2"]
[White "Wojtkiewicz,A"]
[Black "Morrison,W"]
[Result "1-0"]
[WhiteElo "2567"]
[BlackElo "2371"]

1.Nf3 Nf6 2.c4 e6 3.g3 d5 4.d4 Be7 5.Bg2 O-O 6.Qc2 b6 7.O-O Bb7 8.cxd5 exd5
9.Nc3 c5 10.Bf4 Na6 11.Rad1 Qc8 12.Be5 Ne4 13.dxc5 Bxc5 14.Qb3 Nxc3 15.Bxc3 Be7
16.Ne5 Nc5 17.Qb4 Qe6 18.Qd4 f6 19.Nd3 Nxd3 20.Qxd3 Rfd8 21.Rd2 a5 22.Rfd1 Bc5
23.e3 Rd6 24.a3 a4 25.Bd4 Ba6 26.Qc2 Bc4 27.Bxc5 bxc5 28.Qxc4 dxc4 29.Rxd6 Qe5
30.Bxa8 Qxb2 31.Bd5+ Kf8 32.Rd8+ Ke7 33.Bxc4 f5 34.R1d7+ Kf6 35.Rd6+ Kg5
36.h4+ Kg4 37.Kg2 Qc2 38.Bd5 Qe2 39.R8d7 g6 40.Rxh7  1-0

[Event "Eu Team Ch"]
[Site "Batumi GEO"]
[Date "1999.12.02"]
[Round "4"]
[White "Stohl,I"]
[Black "Rozentalis,E"]
[Result "1/2-1/2"]
[WhiteElo "2600"]
[BlackElo "2586"]

1.c4 e6 2.d4 Nf6 3.g3 d5 4.Bg2 Be7 5.Nf3 O-O 6.Qc2 c5 7.dxc5 Qa5+ 8.Nc3 Qxc5
9.cxd5 Nxd5 10.Ng5 Bxg5 11.Bxg5 Bd7 12.Bd2  1/2-1/2

[Event "Eu Team Ch (women)"]
[Site "Batumi GEO"]
[Date "1999.12.02"]
[Round "4"]
[White "Stefanova,A"]
[Black "Ioseliani,N"]
[Result "1-0"]
[WhiteElo "2444"]
[BlackElo "2504"]

1.d4 d5 2.Nf3 Nf6 3.c4 e6 4.g3 Be7 5.Bg2 O-O 6.O-O b6 7.Ne5 c6 8.Nc3 Ba6
9.cxd5 cxd5 10.Re1 Nfd7 11.Nxd5 exd5 12.Bxd5 Nxe5 13.dxe5 Nd7 14.Bxa8 Qxa8
15.Qxd7 Bc5 16.Qf5 Bb7 17.Qg4 Bc8 18.Qf4 f6 19.b4 Bh3 20.Qc4+ Kh8 21.e4 Be7
22.Bb2 fxe5 23.Bxe5 Qe8 24.Qc3 Qf7 25.f4 Rc8 26.Qb2 Qg6 27.f5 Qg5 28.Rac1 Rd8
29.Rc7 Rd2 30.Rxe7  1-0

[Event "Eu Team Ch"]
[Site "Batumi GEO"]
[Date "1999.12.04"]
[Round "6"]
[White "Ftacnik,L"]
[Black "Dutreeuw,M"]
[Result "1-0"]
[WhiteElo "2589"]
[BlackElo "2394"]

1.d4 d5 2.c4 e6 3.Nf3 Nf6 4.g3 Be7 5.Bg2 O-O 6.O-O dxc4 7.Qc2 a6 8.a4 Bd7
9.Rd1 Bc6 10.Nc3 Nbd7 11.e4 b5 12.d5 exd5 13.e5 Ne4 14.Nxd5 Bxd5 15.Rxd5 Nec5
16.axb5 Qc8 17.Rd1 Nd3 18.e6 Nb6 19.exf7+ Rxf7 20.Be3 axb5 21.Rxa8 Nxa8 22.Nd4 Nb6
23.Nxb5 Qd7 24.Nc3 c5 25.b3 Qe6 26.bxc4 Nb4 27.Qe4 Qxc4 28.Bh3 Qxc3 29.Rd8+ Bf8
30.Be6 Qa1+ 31.Kg2  1-0

[Event "Eu Team Ch"]
[Site "Batumi GEO"]
[Date "1999.12.05"]
[Round "6"]
[White "Ftacnik,L"]
[Black "Dutreeuw,M"]
[Result "1-0"]
[WhiteElo "2589"]
[BlackElo "2394"]

1.d4 d5 2.c4 e6 3.Nf3 Nf6 4.g3 Be7 5.Bg2 O-O 6.O-O dxc4 7.Qc2 a6 8.a4 Bd7
9.Rd1 Bc6 10.Nc3 Nbd7 11.e4 b5 12.d5 exd5 13.e5 Ne4 14.Nxd5 Bxd5 15.Rxd5 Nec5
16.axb5 Qc8 17.Rd1 Nd3 18.e6 Nb6 19.exf7+ Rxf7 20.Be3 axb5 21.Rxa8 Nxa8 22.Nd4 Nb6
23.Nxb5 Qd7 24.Nc3 c5 25.b3 Qe6 26.bxc4 Nb4 27.Qe4 Qxc4 28.Bh3 Qxc3 29.Rd4 Bf8
30.Be6 Qa1+ 31.Kg2  1-0

[Event "Eu Team Ch"]
[Site "Batumi GEO"]
[Date "1999.12.05"]
[Round "7"]
[White "Beliavsky,A"]
[Black "Rozentalis,E"]
[Result "1-0"]
[WhiteElo "2618"]
[BlackElo "2586"]

1.d4 Nf6 2.c4 e6 3.g3 d5 4.Bg2 Be7 5.Nf3 O-O 6.O-O dxc4 7.Qc2 a6 8.a4 Bd7
9.Qxc4 Bc6 10.Bg5 a5 11.Nc3 Na6 12.Bxf6 Bxf6 13.e4 Nb4 14.Rfd1 b6 15.Ne1 g6
16.Nb5 Bg7 17.Rac1 Rc8 18.Nd3 Nxd3 19.Rxd3 Bxb5 20.axb5 Qe7 21.e5 f6 22.Bh3 Rce8
23.d5 fxe5 24.dxe6 Kh8 25.Rd7 Qf6 26.Qe2 e4 27.Rcxc7 Rg8 28.b3 Qe5 29.Qe3 Rc8
30.Rxc8 Rxc8 31.Qxb6  1-0

[Event "FSIMA December"]
[Site "Budapest HUN"]
[Date "1999.12.05"]
[Round "2"]
[White "Bognar,C"]
[Black "Hu Yi"]
[Result "0-1"]
[WhiteElo "2237"]
[BlackElo "2375"]

1.d4 d5 2.c4 e6 3.Nf3 Nf6 4.g3 Be7 5.Bg2 O-O 6.O-O Nbd7 7.Nbd2 c5 8.b3 b6
9.Bb2 Bb7 10.Rc1 Rc8 11.Ne5 cxd4 12.Bxd4 Bc5 13.Bb2 Qe7 14.cxd5 Nxd5 15.Nxd7 Qxd7
16.Ne4 Rfd8 17.Nxc5 bxc5 18.e4 Nb4 19.Qg4 f5 20.exf5 exf5 21.Qc4+ Bd5 22.Bxd5+ Qxd5
23.Rfd1 Qxc4 24.Rxd8+ Rxd8 25.Rxc4 Rd5 26.a3 Nd3 27.Bc3 Ne5 28.b4 Nxc4  0-1

[Event "Eu Team Ch"]
[Site "Batumi GEO"]
[Date "1999.12.06"]
[Round "7"]
[White "Beliavsky,A"]
[Black "Rozentalis,E"]
[Result "1-0"]
[WhiteElo "2618"]
[BlackElo "2586"]

1.d4 Nf6 2.c4 e6 3.g3 d5 4.Bg2 Be7 5.Nf3 O-O 6.O-O dxc4 7.Qc2 a6 8.a4 Bd7
9.Qxc4 Bc6 10.Bg5 a5 11.Nc3 Na6 12.Bxf6 Bxf6 13.e4 Nb4 14.Rfd1 b6 15.Ne1 g6
16.Nb5 Bg7 17.Rac1 Rc8 18.Nd3 Nxd3 19.Rxd3 Bxb5 20.axb5 Qe7 21.e5 f6 22.Bh3 Rce8
23.d5 fxe5 24.dxe6 Kh8 25.Rd7 Qf6 26.Qe2 e4 27.Rcxc7 Rg8 28.b4 Qe5 29.Qe3 Rc8
30.Rxc8 Rxc8 31.Qxb6  1-0

[Event "Eu Team Ch (women)"]
[Site "Batumi GEO"]
[Date "1999.12.06"]
[Round "8"]
[White "Demina,J"]
[Black "Hunt,H"]
[Result "1/2-1/2"]
[WhiteElo "2377"]
[BlackElo "2420"]

1.Nf3 Nf6 2.c4 e6 3.g3 d5 4.d4 Be7 5.Bg2 O-O 6.O-O dxc4 7.Qc2 a6 8.a4 Bd7
9.Qxc4 Bc6 10.Nc3 b5 11.Qd3 b4 12.Nb1 Be4 13.Qd1 Nbd7 14.Nbd2 Bb7 15.Nc4 c5
16.Bf4 Bd5 17.Rc1 Nb6 18.Nce5 Rc8 19.dxc5 Rxc5 20.Rxc5 Bxc5 21.Nd3 Be7 22.Nd2 Bxg2
23.Kxg2 Qd5+ 24.f3 Rc8 25.Qb3 Qxb3 26.Nxb3 Nfd5 27.Ra1 Nxf4+ 28.gxf4 Rc2
29.Kf1 Kf8 30.Ke1 Nd5 31.Nbc1 Bh4+ 32.Kf1 Ne3+ 33.Kg1 Rd2 34.Na2 a5 35.Naxb4 axb4
36.a5 Bd8 37.Nxb4 Nd5 38.Nc6 Nxf4 39.e3 Nh3+ 40.Kh1 Bc7 41.f4 Nf2+ 42.Kg1 Ng4
43.b4 Rb2 44.h3 Nxe3 45.a6 Bb6 46.a7 Nd5+ 47.Kh1 Bxa7 48.Rxa7 f6 49.f5 exf5
50.Nd4 g6 51.Ne6+ Ke8 52.Ng7+ Kd8 53.Ne6+ Kc8 54.Rxh7 Rxb4 55.Rf7 f4 56.Kg2 Rb3
57.Nf8 g5 58.Nh7 Rb6 59.Kf3 Re6 60.Kg4 Re3 61.Nxf6 Rg3+ 62.Kf5 Ne3+ 63.Ke4 Rxh3
64.Nh7 g4 65.Rxf4 Rxh7 66.Kxe3 Rg7 67.Kf2 g3+ 68.Kg2 Kd7 69.Rf3 Ke6 70.Rxg3 Ke5  1/2-1/2

[Event "Eu Team Ch"]
[Site "Batumi GEO"]
[Date "1999.12.06"]
[Round "8"]
[White "Bogdanovski,V"]
[Black "Bauer,Ch"]
[Result "1/2-1/2"]
[WhiteElo "2490"]
[BlackElo "2480"]

1.d4 Nf6 2.Nf3 e6 3.c4 d5 4.g3 Be7 5.Bg2 O-O 6.O-O dxc4 7.Qc2 a6 8.a4 Bd7
9.Qxc4 Bc6 10.Bg5 Bd5 11.Qd3 c5 12.Nc3 Bc6 13.Rfd1 cxd4 14.Nxd4 Bxg2 15.Kxg2 Nbd7
16.e4 Qa5 17.Bd2 Ne5 18.Qe2 Qc5 19.Bf4 Rfd8 20.Nf3 Nc6 21.Rxd8+ Rxd8 22.Rd1 h6
23.h3 Qa5 24.Rxd8+ Qxd8 25.Ne5 Nxe5 26.Bxe5 Qa5 27.Bxf6 Bxf6 28.Qc4 Qb6 29.b3 Qd4
30.Qxd4 Bxd4 31.Ne2 Bb6 32.Nf4 Kf8 33.Kf1 Ke7 34.Ke2 Kd6 35.Nd3 Bd4 36.Kf1 Bc3  1/2-1/2

[Event "Eu Team Ch (women)"]
[Site "Batumi GEO"]
[Date "1999.12.06"]
[Round "8"]
[White "Borsuk,A"]
[Black "Koglin,A"]
[Result "1/2-1/2"]
[WhiteElo "2288"]
[BlackElo "2261"]

1.d4 d5 2.c4 e6 3.Nf3 Nf6 4.g3 Be7 5.Bg2 O-O 6.O-O dxc4 7.Qc2 a6 8.a4 Bd7
9.Ne5 Bc6 10.Nxc6 Nxc6 11.e3 Na5 12.Nd2 c5 13.Nxc4 cxd4 14.Nxa5 Qxa5 15.Bxb7 Ra7
16.Bg2 Rc7 17.Qd3 dxe3 18.Bxe3 Rd7 19.Qe2 Nd5 20.Bd2 Qb6 21.Rab1 Bb4 22.Bxd5 Bxd2
23.Qxd2 Rxd5  1/2-1/2

[Event "FSIMA December"]
[Site "Budapest HUN"]
[Date "1999.12.06"]
[Round "3"]
[White "Philippe,C"]
[Black "Struk,J"]
[Result "1-0"]
[WhiteElo "2260"]
[BlackElo "2270"]

1.d4 d5 2.c4 e6 3.Nf3 Nf6 4.g3 Be7 5.Bg2 O-O 6.O-O dxc4 7.Qc2 a6 8.a4 Bd7
9.Qxc4 Bc6 10.Bg5 a5 11.Nc3 Na6 12.Bxf6 Bxf6 13.e4 Nb4 14.Rad1 b6 15.d5 exd5
16.exd5 Bb7 17.Nd4 Bxd4 18.Rxd4 Ba6 19.Nb5 Bxb5 20.axb5 Qd6 21.Rc1 Ra7 22.Re1 Raa8
23.Rde4 Rad8 24.Re5 g6 25.h4 Qc5 26.Qxc5 bxc5 27.Ra1 Nd3 28.Re7 Rb8 29.Rxa5 Nxb2
30.Rxc7 Nc4 31.Ra4 Nb2 32.Ra2 Rxb5 33.Bf1 c4 34.d6 Rd8 35.d7 Nd3 36.Re2 Kf8
37.Rc8 Rb8 38.Re8+  1-0

[Event "Eu Team Ch"]
[Site "Batumi GEO"]
[Date "1999.12.07"]
[Round "9"]
[White "Anastasian,A"]
[Black "Lutz,C"]
[Result "1/2-1/2"]
[WhiteElo "2545"]
[BlackElo "2591"]

1.Nf3 d5 2.d4 Nf6 3.c4 e6 4.g3 Be7 5.Bg2 O-O 6.O-O dxc4 7.Qc2 a6 8.a4 Bd7
9.Ne5 Bc6 10.Nxc6 Nxc6 11.e3 Na5 12.Nd2 c5 13.dxc5 Rc8 14.b4 cxb3 15.Nxb3 Nxb3
16.Qxb3 Nd7 17.c6 bxc6 18.Rd1 Qc7 19.Bd2 Rfd8 20.a5 Nc5 21.Qc2 Rb8 22.Bc3 Rxd1+
23.Qxd1 e5 24.Bf1 Ne4 25.Be1 Qb7 26.Bd3 Nc5 27.Bc4 Qb2 28.Kg2 e4 29.Ra2 Qe5
30.Rc2 Rd8 31.Qg4 Qf6 32.Bc3 Qg6 33.Qxg6 hxg6 34.Bb4 Kf8 35.Bxc5 Bxc5 36.Bb3 Bb4
37.Rxc6 Bxa5 38.Rxa6 Bc7 39.Ra7 Rc8 40.Bd5 Ke7 41.Bxe4 Kd7 42.Bd5 Rf8 43.h4 f5
44.f4 Rf6 45.Kf3 Rb6 46.Bg8 Kd8 47.Bf7 Rf6 48.Ra8+ Ke7 49.Ba2 Rf8 50.Ra7 Kd7
51.Bc4 Kc6 52.Bd5+ Kd6 53.e4 Rb8 54.Bf7 fxe4+ 55.Kxe4 Rb6 56.Kf3 Bb8 57.Ra8 Ke7
58.Bd5 Kf6 59.Kg4 Rd6 60.Be4 Rd8 61.Ra5 Rd6 62.Rg5 Kf7 63.Rc5 Kf6 64.Bd5 Ba7
65.Rb5 Bf2 66.Kf3 Be1 67.Bb3 Ba5 68.Rb7 Bc7 69.Rxc7  1/2-1/2

[Event "FSGM December"]
[Site "Budapest HUN"]
[Date "1999.12.09"]
[Round "6"]
[White "Wang Rui"]
[Black "Tatai,S"]
[Result "1-0"]
[WhiteElo "2396"]
[BlackElo "2357"]

1.d4 Nf6 2.Nf3 d5 3.c4 e6 4.g3 Be7 5.Bg2 O-O 6.O-O dxc4 7.Qc2 a6 8.a4 Nc6
9.Qxc4 Nb4 10.Bg5 b5 11.Qc1 Rb8 12.axb5 axb5 13.Nc3 Bb7 14.Rd1 Nd7 15.Bf4 Bd6
16.e4 Bxf4 17.Qxf4 c6 18.Qd6 Na6 19.d5 cxd5 20.Rxa6 Bxa6 21.Qxa6 b4 22.Na4 dxe4
23.Ne5 Ra8 24.Qb5 Qb8 25.Qxb8 Nxb8 26.b3 f5 27.f3 exf3 28.Bxf3 Ra5 29.Nc4 Ra7
30.Nc5 Kf7 31.Re1 Re7 32.Nd3 Rd8 33.Nxb4 Kf6 34.Re3 Red7 35.h4 g6 36.Be2 Rb7
37.Nc2 Na6 38.Bf3 Rc7 39.Be2 Rb7 40.Na5 Rc7 41.Ne1 Nb4 42.Nc4 e5 43.Nd3 Nc2
44.Rxe5 Nd4 45.Kf2 Nxe2 46.Kxe2 Rxc4 47.bxc4 Rxd3 48.Rxf5+  1-0

[Event "FSGM December"]
[Site "Budapest HUN"]
[Date "1999.12.10"]
[Round "7"]
[White "Horvath,Cs"]
[Black "Yu Shaoteng"]
[Result "1-0"]
[WhiteElo "2509"]
[BlackElo "2435"]

1.d4 e6 2.g3 Nf6 3.Bg2 d5 4.Nf3 Be7 5.c4 O-O 6.Qc2 dxc4 7.Qxc4 Bd7 8.Ne5 Bc6
9.Nxc6 Nxc6 10.Bxc6 bxc6 11.Nc3 Qd7 12.O-O Rfd8 13.Rd1 Nd5 14.e4 Nxc3 15.Qxc3 c5
16.Be3 cxd4 17.Rxd4 Qb5 18.Rc1 Bd6 19.b3 a5 20.Qc4 Qh5 21.Kg2 h6 22.Qd3 Rdb8
23.Rc6 Be5 24.Rc5 f6 25.Bf4 Bxd4 26.Rxh5  1-0

[Event "Bundesliga 1999-2000"]
[Site "Hamburg GER"]
[Date "1999.12.12"]
[Round "6"]
[White "Ftacnik,L"]
[Black "Nielsen,PH"]
[Result "0-1"]
[WhiteElo "2589"]
[BlackElo "2560"]

1.d4 Nf6 2.Nf3 d5 3.c4 e6 4.g3 Be7 5.Bg2 O-O 6.O-O dxc4 7.Qc2 a6 8.a4 Bd7
9.Rd1 Bc6 10.Nc3 Bxf3 11.Bxf3 Nc6 12.Bxc6 bxc6 13.Bg5 Rb8 14.e3 h6 15.Bxf6 Bxf6
16.Ne4 Rb4 17.Nc5 Qc8 18.Rac1 Be7 19.Ne4 Qb7 20.Rb1 c5 21.dxc5 Qc6 22.Rd4 Rxa4
23.Rxc4 Rxc4 24.Qxc4 a5 25.Ra1 Rb8 26.Qa4 Qxa4 27.Rxa4 Rb5 28.c6 Bb4 29.Nc3 Bxc3
30.bxc3 Kf8 31.c4 Rc5 32.Kf1 Ke7 33.Ke2 Kd6 34.Kd3 Kxc6 35.Ra1 h5 36.h4 f6
37.Kc3 g5 38.f4 gxh4 39.gxh4 e5 40.Rf1 Kd6 41.e4 exf4 42.Rxf4 Ke6 43.Rf1 Re5
44.Kd4 a4 45.c5 f5 46.exf5+ Rxf5 47.Re1+ Kd7 48.Kc4 a3 49.Re3 a2 50.Ra3 Rf2
51.Ra6 c6 52.Kd4 Re2 53.Kd3 Rh2 54.Kc3 Rh3+ 55.Kd4 Rxh4+ 56.Ke5 Rh2 57.Ra7+ Ke8
58.Kd6 h4 59.Kxc6 h3 60.Ra8+ Ke7  0-1

[Event "FSIMA December"]
[Site "Budapest HUN"]
[Date "1999.12.13"]
[Round "10"]
[White "Bognar,C"]
[Black "Struk,J"]
[Result "1/2-1/2"]
[WhiteElo "2237"]
[BlackElo "2270"]

1.d4 d5 2.c4 e6 3.Nf3 Nf6 4.g3 Be7 5.Bg2 O-O 6.O-O dxc4 7.Qc2 a6 8.a4 Bd7
9.Ne5 Bc6 10.Nxc6 Nxc6 11.e3 Na5 12.Nd2 c5 13.dxc5 Qc7 14.b4 cxb3 15.Nxb3 Nxb3
16.Qxb3 Rab8 17.Ba3 Bxc5 18.Rac1 b6 19.Bxc5 bxc5 20.Qc4 Rfc8 21.Qxa6 c4 22.Rfd1 c3
23.Rd6 Nd5 24.Bxd5 exd5 25.Rxd5 c2 26.Qd3 g6 27.Rb5 Rxb5 28.axb5 h5 29.h4 Qc5
30.Kh2 Qb4 31.Rxc2 Rxc2 32.Qxc2 Qxb5 33.Qc8+ Kh7 34.Qc7 Kg8 35.Qf4 Qd5 36.e4 Qa2
37.e5 Kg7 38.Qf6+ Kh7 39.Kh3 Qd5 40.Kh2 Qa2 41.Kg2 Qd5+ 42.Qf3 Qc4 43.Qb7 Kg7
44.Qe7 Qd5+ 45.Kh2 Qa2 46.Kg1 Qb1+ 47.Kg2 Qe4+ 48.Kh2 Qf5 49.Kg1 Qb1+ 50.Kh2 Qc2
51.Kg1 Qb1+ 52.Kg2 Qe4+ 53.Kh2 Qf5 54.Qc5 Qe4 55.Qc3 Kh7 56.Qc7 Kg7 57.Qe7 Qf5  1/2-1/2

[Event "ch-RUS KO"]
[Site "Moscow RUS"]
[Date "1999.12.16"]
[Round "1.4"]
[White "Ionov,S"]
[Black "Shaposhnikov,E"]
[Result "1/2-1/2"]
[WhiteElo "2553"]
[BlackElo "2494"]

1.d4 Nf6 2.c4 e6 3.Nf3 d5 4.g3 Be7 5.Bg2 Nbd7 6.Nc3 O-O 7.O-O c6 8.b3 b6
9.Bb2 Ba6 10.Nd2 Rc8 11.e4 dxe4 12.Ndxe4 Nxe4 13.Nxe4 Nf6 14.Qc2 Qc7 15.Rfe1 Rfd8
16.Rad1 h6 17.Qe2 Nxe4 18.Qxe4 Bf6 19.Bc1 Rd7 20.Bf4 Qd8 21.Be5 Bb7 22.Qc2 Qe7
23.c5 Rcd8 24.b4 bxc5 25.Bxf6 Qxf6 26.dxc5 Rd4 27.b5 e5 28.Rxd4 exd4 29.Qd3 Ba8
30.b6 axb6 31.cxb6 Qd6 32.Rb1 Rb8 33.Qc4 d3 34.a4 d2 35.Bf3 c5  1/2-1/2

[Event "Vikings GMB"]
[Site "York ENG"]
[Date "1999.12.16"]
[Round "4"]
[White "Gormally,D"]
[Black "Meister,P"]
[Result "1-0"]
[WhiteElo "2476"]
[BlackElo "2417"]

1.d4 d5 2.c4 e6 3.Nf3 Nf6 4.g3 Be7 5.Bg2 O-O 6.O-O b6 7.Nc3 Bb7 8.Ne5 Na6
9.Bf4 c6 10.a3 Nd7 11.Nxd7 Qxd7 12.Qa4 dxc4 13.Qxc4 Nc7 14.Bxc7 Qxc7 15.d5 exd5
16.Nxd5 Qe5 17.Nxe7+ Qxe7 18.Rfd1 Rfd8 19.b4 Rac8 20.e3 h6 21.Qe4 Re8 22.Qf5 Red8
23.h4 Rd6 24.Rac1 Rcd8 25.Rxd6 Rxd6 26.h5 Rf6 27.Qe4 Re6 28.Qf4 Rd6 29.b5 Qd7
30.Bf3 Ba8 31.Qc4 Bb7 32.bxc6  1-0

[Event "Weihnachtsopen"]
[Site "Zurich SUI"]
[Date "1999.12.29"]
[Round "5"]
[White "Tukmakov,V"]
[Black "Ekstroem,R"]
[Result "1-0"]
[WhiteElo "2557"]
[BlackElo "2501"]

1.d4 Nf6 2.c4 e6 3.g3 d5 4.Bg2 Be7 5.Nf3 O-O 6.Qc2 dxc4 7.Nbd2 c5 8.dxc5 Bxc5
9.O-O Nc6 10.Nxc4 Qe7 11.Nfe5 Nxe5 12.Nxe5 Bd6 13.Nc4 Bc7 14.b3 Rd8 15.Ba3 Qe8
16.Rfd1 Nd5 17.e4 Ne7 18.Bd6 Bxd6 19.Nxd6 Qf8 20.e5 Nd5 21.Rac1 Rb8 22.Bxd5 exd5
23.Rxd5 Bd7 24.Rd4 Qe7 25.Rcd1 Bc6 26.Nf5 Qe8 27.Qc5 Bf3 28.R1d3 Rxd4 29.Qxd4 Bc6
30.e6 f6 31.e7 b6 32.Qc4+  1-0

[Event "Open"]
[Site "Groningen NED"]
[Date "1999.12.30"]
[Round "11"]
[White "Atalik,S"]
[Black "Van den Doel,E"]
[Result "1/2-1/2"]
[WhiteElo "2598"]
[BlackElo "2528"]

1.d4 d5 2.Nf3 e6 3.g3 Nf6 4.Bg2 Be7 5.c4 O-O 6.O-O dxc4 7.Ne5 c5 8.dxc5 Bxc5
9.Qc2 Nd5 10.Nd2 Nd7 11.Nexc4 b5 12.Na3 Ba6 13.Nb3 Rc8 14.Nxc5 Rxc5 15.Qd2 b4
16.Nc2 Qb6 17.Nd4 Rfc8 18.Rd1 N7f6 19.Qe1 Rc4 20.Nb3 Rc2 21.Nd4 R2c4 22.Nb3  1/2-1/2

[Event "AUT-chT 9899"]
[Site "AUT"]
[Date "1999.??.??"]
[Round "?"]
[White "Horvath, Jozsef"]
[Black "Wells, Peter K"]
[Result "1/2-1/2"]
[WhiteElo "2515"]
[BlackElo "2530"]

1.c4 e6 2.Nf3 d5 3.g3 Nf6 4.Bg2 Be7 5.d4 O-O 6.Qc2 c5 7.dxc5 Qa5+ 8.Nc3 dxc4
9.O-O Qxc5 10.Rd1 Bd7 11.Be3 Qh5 12.Ne4  1/2-1/2

[Event "Bad Woerishofen op"]
[Site "Bad Woerishofen"]
[Date "1999.??.??"]
[Round "4"]
[White "Kachiani Gersinska, Ketino"]
[Black "Epishin, Vladimir"]
[Result "1/2-1/2"]
[WhiteElo "2439"]
[BlackElo "2578"]

1.d4 Nf6 2.c4 e6 3.g3 d5 4.Nf3 Be7 5.Bg2 O-O 6.O-O dxc4 7.Qc2 a6 8.a4 Bd7
9.Qxc4 Bc6 10.Bg5 a5 11.Nc3 Na6 12.Rfd1 Nb4 13.e3 Rc8 14.Qe2 Nd7 15.Bxe7 Qxe7
16.Nd2 Bxg2 17.Kxg2  1/2-1/2

[Event "ROM-ch sf"]
[Site "Baile Tusnad"]
[Date "1999.??.??"]
[Round "4"]
[White "Mateuta, Gabriel"]
[Black "Burnoiu, Costel"]
[Result "1/2-1/2"]
[WhiteElo "2398"]
[BlackElo "2312"]

1.Nf3 d5 2.d4 Nf6 3.c4 e6 4.g3 Be7 5.Bg2 O-O 6.O-O b6 7.Nc3 Bb7 8.Ne5 Ne4
9.cxd5 exd5 10.Qb3 c5 11.Nxe4 dxe4 12.dxc5 Bxc5 13.Bf4 Qe7 14.h4 Bd6 15.Nd3 Nc6
16.Bxd6 Qxd6 17.Nf4 Nd4 18.Qd1 Qe5 19.e3 Ne6 20.Nxe6 fxe6 21.Qa4  1/2-1/2

[Event "Oberliga Bayern9899"]
[Site "Bayern"]
[Date "1999.??.??"]
[Round "?"]
[White "Pohl Kuemmel, Jens Uwe"]
[Black "Unzicker, Ferdinand"]
[Result "1-0"]
[WhiteElo "2245"]
[BlackElo "2265"]

1.Nf3 d5 2.d4 Nf6 3.c4 e6 4.g3 Be7 5.Bg2 O-O 6.O-O dxc4 7.Qc2 a6 8.a4 Bd7
9.Qxc4 Bc6 10.Bg5 a5 11.Nc3 Na6 12.Rfd1 Nb4 13.e3 Ra6 14.Qe2 h6 15.Bxf6 Bxf6
16.Rd2 Qe7 17.e4 Qe8 18.h4 Rb6 19.Qd1 Na6 20.Bf1 Rb4 21.Bb5 Nb8 22.Na2 Rxb5
23.axb5 Bxe4 24.Nc3 Bf5 25.Rxa5 Nd7 26.Qe2 Nb6 27.Rd1 Be7 28.Rda1 Qd7 29.Ra7 Rb8
30.Rd1 Qd6 31.Qe5 Qd8 32.d5 Bf6 33.Qf4 Bxc3 34.bxc3 Nxd5 35.Qd4 Qe7 36.c4 Nb6
37.Ne5 Kh8 38.c5 Nd5 39.c6 f6 40.Nd7  1-0

[Event "Regionalliga NW9899"]
[Site "Bayern"]
[Date "1999.??.??"]
[Round "?"]
[White "Reisert, Wolfgang"]
[Black "Neumann, Christoph"]
[Result "1-0"]
[WhiteElo "1955"]
[BlackElo "1880"]

1.d4 d5 2.Nf3 Nf6 3.g3 e6 4.Bg2 Be7 5.c4 c6 6.O-O O-O 7.Nc3 Nbd7 8.Qd3 b6
9.cxd5 cxd5 10.Bf4 Nh5 11.Rac1 Bb7 12.Nb5 Nxf4 13.gxf4 g6 14.e3 Ba6 15.Rc2 Rc8
16.Rfc1 Rxc2 17.Rxc2 Qb8 18.Bf1 Rc8 19.Qb3 Bxb5 20.Bxb5 Nf6 21.Ne5 Rxc2 22.Qxc2 Bd6
23.Nc6 Qc7 24.b4 Nd7 25.Ne7+ Kf8 26.Qxc7 Bxc7 27.Nc8 Nf6 28.Nxa7 Ke7 29.f3 h6
30.Kf2 Nh5 31.Ke2 Ng7 32.Bd3 Ne8 33.Nc6+ Kd6 34.Ne5 Ke7 35.Kd2 Nd6 36.Nc6+ Kf8  1-0

[Event "Regionalliga NO9899"]
[Site "Bayern"]
[Date "1999.??.??"]
[Round "?"]
[White "Staeblein, Christoph"]
[Black "Roesel, Gert"]
[Result "1-0"]
[WhiteElo "2105"]
[BlackElo "1895"]

1.d4 Nf6 2.c4 e6 3.g3 d5 4.Bg2 Be7 5.Nf3 O-O 6.O-O c6 7.b3 Nbd7 8.Bb2 Ne4
9.Nbd2 f5 10.Ne1 Bf6 11.Nd3 Re8 12.Rc1 e5 13.cxd5 cxd5 14.dxe5 Nxe5 15.Nxe5 Bxe5
16.Bxe5 Rxe5 17.Nf3 Re8 18.Qd4 Be6 19.Rc2 Qf6 20.Rc7 b6 21.Rfc1 Kf8 22.Bh3 g6
23.Rxh7 Bf7 24.Rc7 Qxd4 25.Nxd4 Ng5 26.Rh8+ Kg7 27.Rxe8 Nxh3+ 28.Kg2 Rxe8
29.Kxh3 a6 30.e3 Kf8 31.Kg2 Re7 32.Rc6 Rb7 33.h4 a5 34.Kf3 Be8 35.Rd6 Bf7
36.Kf4 Ke7 37.Ke5 a4 38.Nc6+ Kf8 39.Kf6 Be8 40.Nd4 axb3 41.axb3 Rf7+ 42.Ke5 Rb7
43.Ne6+ Ke7 44.Nf4 d4 45.exd4  1-0

[Event "Regionalliga SO9899"]
[Site "Bayern"]
[Date "1999.??.??"]
[Round "?"]
[White "Kohout, Peter"]
[Black "Hecht, Hans Joachim"]
[Result "1/2-1/2"]
[WhiteElo "2220"]
[BlackElo "2430"]

1.d4 Nf6 2.c4 e6 3.g3 d5 4.Bg2 Be7 5.Nf3 O-O 6.O-O c6 7.b3 Nbd7 8.Bb2 b6
9.Nbd2 Bb7 10.Rc1 Rc8 11.Qc2 c5 12.Qb1 dxc4 13.Nxc4 b5 14.Ne3 Qb6 15.Rfd1 Rfd8
16.Qa1 Be4 17.Rd2 cxd4 18.Bxd4 Qb7 19.Rdd1  1/2-1/2

[Event "Landesliga Sued 9899"]
[Site "Bayern"]
[Date "1999.??.??"]
[Round "?"]
[White "Ager, Josef"]
[Black "Schnelzer, Reinhold"]
[Result "1/2-1/2"]
[WhiteElo "2270"]
[BlackElo "2285"]

1.d4 Nf6 2.c4 e6 3.g3 d5 4.Bg2 Be7 5.Nf3 O-O 6.O-O c6 7.Qc2 Nbd7 8.Rd1 b6
9.b3 Bb7 10.Nc3 Rc8 11.e4 dxe4 12.Nxe4 c5 13.Nxf6+ Bxf6 14.Bb2 cxd4 15.Bxd4 Qc7
16.Rd2 b5 17.Bxf6 Nxf6 18.Rc1 bxc4 19.bxc4 Qc5 20.Qb2 Rc7 21.Ne5 Bxg2 22.Kxg2 Ne4
23.Rdc2 Rfc8 24.Nd3 Qd6 25.Qb3 Rd7 26.Nf4 h6 27.Qf3 Nc5 28.h4 Qd4 29.Qc3 Qe4+
30.Qf3 Qf5 31.Qe3 Kf8 32.Re2 Nd3 33.Nxd3 Rxd3 34.Qe4 Qxe4+ 35.Rxe4 Ra3 36.Rc2 Rc5
37.Re3 Rxe3 38.fxe3 Ke7 39.Kf3 Kd6 40.Ke4 f5+ 41.Kd4 Kc6 42.e4 Ra5 43.exf5 exf5
44.h5  1/2-1/2

[Event "Canovelles opA"]
[Site "Canovelles"]
[Date "1999.??.??"]
[Round "2"]
[White "Roig Gorina, H."]
[Black "Soler Colomer, V."]
[Result "1/2-1/2"]
[WhiteElo "2035"]
[BlackElo "2210"]

1.d4 d5 2.Nf3 Nf6 3.c4 e6 4.g3 Be7 5.Bg2 O-O 6.O-O dxc4 7.Ne5 Nbd7 8.Nxc4 c5
9.dxc5 Nxc5 10.Nc3 h6 11.Bf4 Qxd1 12.Rfxd1 Ne8 13.b4 Nd7 14.a3 g5 15.Be3 Ndf6
16.h3 Nc7 17.Nd6 Bxd6 18.Rxd6 Ncd5 19.Nxd5 Nxd5 20.Bc5 b6 21.Rxd5 exd5 22.Bxf8 Kxf8
23.Bxd5 Rb8 24.Kg2 Ba6 25.e3 Rc8 26.Rb1 Bd3 27.Rd1 Bb5 28.e4 Rc3 29.Ra1 Ba4
30.Ra2 Ke7 31.Kf1 f6 32.Bb7 Ke6 33.Ke2 Bb3 34.Ra1 Bc4+ 35.Ke1 Rb3 36.Bc6 a6
37.Bb7 Ke5 38.Ba8 Bd3 39.Bb7 a5 40.bxa5 bxa5 41.Bd5 Rc3 42.Kd2 Kd4 43.Ra2 Bc4
44.Bxc4 Rxc4 45.f3 Rc3 46.Ke2 Kc4 47.Rd2 Rxa3 48.Rd6 a4 49.Rxf6 Rb3 50.Rxh6 a3
51.Ra6 Rb2+ 52.Ke3 a2 53.f4 gxf4+ 54.Kxf4 Rf2+ 55.Kg5 Kd4 56.Ra4+ Kc3 57.h4 Kb2
58.h5 Rf3 59.Rxa2+ Kxa2 60.g4 Kb3 61.h6 Kc4 62.h7 Rh3 63.Kg6 Kd4 64.Kg7 Kxe4
65.g5 Kf5 66.g6 Kg5  1/2-1/2